000 00743nam a2200289Ia 4500
005 20260324142528.0
008 008 260324s9999 xx 000 0 eng d
020 _a9781315806914
037 _aEBOOK
040 _aCRL
040 _beng
040 _cCRL
041 _2eng
041 _aeng
084 _qCRL
100 _aStephanie H.M. van Goozen; Joe A. Sergeant; Nanne E. Van de Poll; S.H.M. van Goozen; Joseph A. Sergeant
_91212276
245 0 _aEmotions
245 0 _bEssays on Emotion Theory
260 _bTaylor and Francis
260 _c1994
365 _a
365 _b59.99
856 _uhttp://www.taylorfrancis.com/books/9781315806914
942 _cEBOOK
999 _c1816581
_d1816581